000 00805nam a22001697a 4500
005 20241001143706.0
008 230714b ||||| |||| 00| 0 eng d
040 _cSSBUL
_dSSBUL
041 _aMyanmar
082 _223
_a၀၅၀ တက်
_b၁၆၀၀၁ (S-SAT)
245 _aတက္ကသိုလ် ပညာပဒေသာ စာစောင် /
_bအတွဲ ၁၃၊ အပိုင်း ၆။
260 _aရန်ကုန်၊
_bတက္ကသိုလ်များပုံနှိပ်တိုက်၊
_c၁၉၇၉။
300 _a၂၁၀ စာမျက်နှာ၊
_c၂၀ စင်တီ။
500 _aS-SAT: Dr Sai Aung Tun Collection
650 _aစာနယ်ဇင်းနှင့် အညွှန်းများ။
_928013
942 _2ddc
_cBK1
999 _c27223
_d27223